| 000 | 01253nam a2200313 a 4500 | ||
|---|---|---|---|
| 001 | 000024191 | ||
| 005 | 20200930022808.0 | ||
| 008 | 110120s1991 sp r 000 0 spa d | ||
| 020 | _a8474902274 | ||
| 040 |
_aDO-SdBNP _bspa _cBNPHU |
||
| 041 | 1 | 7 |
_aspa _heng _2Código de idioma MARC |
| 082 |
_a261 _bG967ó, 1991 |
||
| 100 | 1 |
_aGiussani, Luigi, _d1922- _949685 |
|
| 240 | 1 | 0 |
_aAll'origine della pretesa cristiana. _lEspañol. |
| 245 | 1 | 0 |
_aLos orígenes de la pretensión cristiana : _bcurso básico de cristianismo / _cLuigi Giussani ; traducción María José Rodríguez Fierro, Vicente Martín Pindado. |
| 250 | _a3a ed. | ||
| 260 |
_aMadrid : _bEncuentro, _c1991. |
||
| 300 |
_av. ; _c24 cm. |
||
| 490 | 1 |
_aEnsayos _v55 |
|
| 534 |
_aTítulo original: _tAll'origine della pretesa cristiana |
||
| 500 | _aIncluye datos biográficos del autor en la solapa de la contracubierta | ||
| 504 | _aIncluye referencias bibliográficas y notas al pie de las páginas | ||
| 650 | 4 |
_aAsistencia social católica _911759 |
|
| 650 | 4 |
_aIglesia _xHistoria _yPERÍODO PRIMITIVO, 30-600 _949686 |
|
| 700 | 1 |
_aRodríguez Fierro, María José _etr. _949687 |
|
| 700 | 1 |
_aMartín Pindado, Vicente _etr. _949688 |
|
| 830 | 0 |
_aEnsayos ; _v55 _911110 |
|
| 049 | _aBNGR | ||
| 999 |
_c23685 _d23685 |
||